「長」がつく駅名 - Statistics

General Stats
  • This quiz has been taken 38 times
  • The average score is 60 of 119
Answer Stats
Hint Answer % Correct
上越新幹線上越線 信越本線 長岡
100%
北条鉄道
100%
北陸新幹線信越本線 飯山線 しなの鉄道北しなの線 長野電鉄長野線 長野
96%
とさでん交通後免線 | 西九州新幹線長崎本線 長崎
92%
横浜線東急田園都市線 東急こどもの国線 長津田
92%
神戸市営地下鉄西神・山手線 | 神鉄有馬線 | 近鉄けいはんな線大阪メトロ中央線 長田
92%
函館本線室蘭本線 長万部
88%
山形鉄道フラワー長井線 長井
88%
北陸本線 長浜
84%
片町線 | 琴電長尾線 長尾
84%
大阪メトロ谷町線 | 東急池上線 長原
84%
東北本線常磐線
仙台市営地下鉄南北線
長町
80%
山陽本線神戸市営地下鉄西神・山手線 神戸市営地下鉄海岸線 新長田
80%
近鉄長野線南海高野線 河内長野
80%
吾妻線 長野原草津口
76%
飯山線しなの鉄道北しなの線 北長野
76%
阪和線大阪メトロ御堂筋線 長居
76%
都営大江戸線 落合南長崎
76%
播但線 | 江ノ島電鉄 長谷
72%
西武池袋線 東長崎
72%
千歳線 長都
68%
信越本線 北長岡
68%
東海道本線 長岡京
68%
山陰本線美祢線 長門市
68%
近鉄大阪線 長瀬
68%
秩父鉄道 長瀞
68%
南武線 稲城長沼
64%
関西本線 長島
64%
篠栗線香椎線 長者原
64%
京王線 | 静岡鉄道 長沼
64%
小田急江ノ島線 長後
64%
近鉄大阪線 長谷寺
64%
神戸高速鉄道 高速長田
64%
長崎電気軌道 長崎駅前
64%
中央本線 長坂
60%
内房線 | 名鉄常滑線 長浦
60%
陸羽東線 長沢
60%
飯田線 長山
60%
京急久里浜線 京急長沢
60%
リニモ 長久手古戦場
60%
御殿場線 長泉なめり
56%
紀勢本線 紀伊長島
56%
近鉄名古屋線 近鉄長島
56%
阪急京都本線 長岡天神
56%
大阪メトロ堺筋線大阪メトロ長堀鶴見緑地線 長堀橋
56%
おおさか東線 JR長瀬
56%
外房線 長者町
52%
山形鉄道フラワー長井線 南長井
52%
仙台市営地下鉄南北線 長町南
52%
長崎電気軌道 長崎大学
52%
室蘭本線 長和
48%
大阪メトロ千日前線大阪メトロ長堀鶴見緑地線 西長堀
48%
高山本線 長森
44%
奈良線 長池
44%
赤穂線 長船
44%
小野田線 長門本山
44%
名鉄名古屋本線 名電長沢
44%
名鉄常滑線 日長
44%
会津鉄道 会津長野
44%
奥羽本線 長峰
40%
左沢線 羽前長崎
40%
美祢線 長門湯本
40%
鹿児島本線 長洲
40%
長崎本線 長与
40%
仙台市営地下鉄南北線 長町一丁目
40%
秩父鉄道 上長瀞
40%
伊豆箱根鉄道駿豆線 伊豆長岡
40%
山陰本線 長門三隅
36%
東武越生線 武州長瀬
36%
横浜市営地下鉄ブルーライン 伊勢佐木長者町
36%
鹿島臨海鉄道 長者ヶ浜潮騒はまなす公園前
36%
一畑電車北松江線 長江
36%
八戸線 長苗代
32%
東海道本線 近江長岡
32%
山陰本線 長門二見
32%
阪和線 長滝
32%
和歌山線 紀伊長田
32%
山陽本線 長府
32%
可部線 安芸長束
32%
予讃線 伊予長浜
32%
日豊本線 日向長井
32%
長崎本線 小長井
32%
近鉄名古屋線 長太ノ浦
32%
信越本線 長鳥
28%
山陽本線 北長瀬
28%
呉線 安芸長浜
28%
山口線 長門峡
28%
日豊本線 豊前長洲
28%
陸羽東線 東長沢
24%
飯田線 長篠城
24%
飯田線 本長篠
24%
山陰本線 長門古市
24%
小野田線 長門長沢
24%
土讃線 土佐長岡
24%
長崎本線 肥前長田
24%
秋田内陸縦貫鉄道 羽後長戸呂
24%
山陰本線 長門大井
20%
山陰本線 長門粟野
20%
桜井線 長柄
20%
筑肥線 肥前長野
20%
長崎本線 長里
20%
三角線 肥後長浜
20%
えちぜん鉄道三国芦原線 西長田ゆりの里
20%
アストラムライン 長楽寺
20%
田沢湖線 羽前長野
16%
近江鉄道本線 長谷野
16%
南阿蘇鉄道 長陽
16%
磐越西線 東長原
12%
富山地方鉄道本線 長屋
12%
大井川鐵道井川線 長島ダム
12%
長良川鉄道 白山長滝
0%
No matching quizzes found
Score Distribution
Percent of People with Each Score
Percentile by Number Answered
Your Score History
You have not taken this quiz